000 00394cam a22001217a 4500
008 180718b1955 xxu||||| |||| 00| 0 eng d
082 _aB19x42 P731
245 _aStudies in social history: a tribute to G.M. Trevelyan
_cedited by J.H. Plumb
260 _aLondon
_bLongmans, Green and Co.
_c1955
300 _axv, 287p
650 _aGreat Britain --Social life and customs.
700 _aPlumb, J.H.
999 _c419152
_d419152